000 01170nam a2200265 4500
005 20240530110608.0
008 160611b xxu||||| |||| 00| 0 eng d
017 _a2013/4442
_bمصر دار الكتب المصرية
020 _a9789771028659
040 _aEG-CaGPL
082 0 4 _a378.107/
_bم ت
_221
100 0 _aمجدى عبدالوهاب قاسم
245 1 0 _aتحسين فاعلية مؤسسات التعليم العالى باستخدام التكنولوجيا :
_bرؤية مستقبلية /
_cتأليف مجدى عبدالوهاب قاسم، رشا محمود خفاجي، صفاء احمد شحاتة.
250 _aط .1.
260 _aالقاهرة :
_bدار الفكر العربي،
_c2013.
300 _a496 ص. :
_bايض. ؛
_c25 سم.
504 _aيشتمل على ارجاعات ببليوجرافية.
650 0 5 _aالتعليم العالى
650 0 5 _aالانترنت
650 0 5 _aتكنولوجيا التعليم
700 0 _aرشا محمود خفاجي
_eمؤلف مشارك.
700 0 _aصفاء احمد شحاتة
_eمؤلف مشارك.
942 _2ddc
_cBK
999 _c62804
_d62804